Real Madrid - Tous les joueurs (2020-) - Statistiques

Statistiques générales
  • Ce quiz a été pris 953 fois
    607 depuis la dernière actualisation
  • Le résultat moyen est 31 sur 51
Statistiques - réponses
Saisons Nationalité Joueur Nb de matchs % Correct
2020- Croatie Luka Modric 125
99%
2020- Belgique Thibaut Courtois 106
98%
2020- Brésil Vinicius Jr. 127
98%
2020- Uruguay Federico Valverde 123
97%
2020- Brésil Rodrygo 120
97%
2020- Allemagne Toni Kroos 116
97%
2021- France Eduardo Camavinga 90
95%
2022- France Aurélien Tchouaméni 60
94%
2020-2023 France Karim Benzema 90
94%
2020- Espagne Dani Carvajal 90
92%
2020- France Ferland Mendy 87
92%
2021- Autriche David Alaba 67
91%
2022- Allemagne Antonio Rüdiger 62
90%
2021- Ukraine Andriy Lunin 29
89%
2023- Maroc Brahim Diaz 29
87%
2020- Brésil Eder Militao 87
87%
2023- Angleterre Jude Bellingham 26
86%
2020-2023 Belgique Eden Hazard 38
84%
2021-2022 Pays de Galles Gareth Bale 5
83%
2023- Turquie Arda Güler 7
82%
2020- Espagne Nacho 104
82%
2020-2021 Espagne Sergio Ramos 15
78%
2020-2023 Brésil Casemiro 67
77%
2020-2023 Rép. Dominicaine Mariano 34
76%
2020- Espagne Lucas Vazquez 102
74%
2020-2021 France Raphaël Varane 31
74%
2020-2021 Norvège Martin Odegaard 7
73%
2023-- Espagne Joselu 32
70%
2021- Espagne Dani Ceballos 57
69%
2020-2022 Brésil Marcelo 28
68%
2020-2022 Serbie Luka Jovic 19
66%
2020-2023 Espagne Marco Asensio 97
65%
2020-2022 Espagne Isco 39
57%
2023- Espagne Kepa Arrizabalaga 13
48%
2023- Espagne Gonzalo Garcia 2
46%
2023- Argentine Nico Paz 4
42%
2021-2023 Espagne Jesus Vallejo 6
41%
2020-2021, 2022-2023 Espagne Alvaro Odriozola 16
27%
2023- Espagne Fran Garcia 23
23%
2022- Uruguay Alvaro Rodriguez 7
22%
2020-2022 Espagne Antonio Blanco 5
9%
2020-2021 Espagne Borja Mayoral 2
9%
2020-2022 Espagne Miguel Gutierrez 9
9%
2020-2021, 2022-2023 Espagne Sergio Arribas 10
8%
2021-2022 Rép. Dominicaine Peter 3
7%
2020-2021 Espagne Victor Chust 2
4%
2020-2021 Espagne Hugo Duro 2
3%
2021-2022 Espagne Mario Gila 2
3%
2020-2021 Espagne Marvin Park 4
3%
2021-2022 Espagne Sergio Santos 1
2%
2021-2022 Espagne Juanmi 1
1%
Aucun quiz correspondant
Distribution des résultats
% des personnes avec chaque résultat
Percentile par nombre de réponses
Votre historique - résultats
Vous n’avez pas pris ce quiz depuis la dernière actualisation